000 01194nam a22003017a 4500
003 AUA.1
005 20150407164907.0
008 111222t xxu||||| |||| 00| 0 eng d
010 _a8171768
020 _a0785250913
040 _cF
050 _aBS 491.2
_b.W67 2003
100 _aDeVries, Simon J.
_918343
245 _aWord Biblical commentary :
_b1 Kings /
_cSimon J. DeVries
250 _a2nd. ed.
260 _aNashville :
_bThomas Nelson Pub.,
_cc2003.
300 _alxiv, 286 p. :
_c24 cm.
440 _aWord Biblical commentary :
_nv.12, second edition
_948910
504 _aInclude bibliography and index.
650 _v1 Kings
_xBible
_yCommentaries
_918344
700 _aMetzger, Bruce M.
_918345
_4General ed.
700 _aJohn D.W. Watts
_4Old Testament ed.
_948912
700 _aWatts, James W.
_4Old Testament ed.
_948913
700 _aRalph P.Martin
_4New Testament ed.
_948914
700 _aLosie, Lynn Allan
_4New Testament ed.
_948915
942 _2lcc
_cREF
_hBS 491.2
_i.W67 2003
999 _c13886
_d13886